Geography Quiz

Random Geography or City Quiz

U.S. Capitals and Cities Quiz Stats

 Plays Quiz not verified by Sporcle

Also try: The Ireland Quiz
Challenge
Share
Tweet
Embed
Score 0/83 Timer 06:00
0 Plays Today
Hint Answer % Correct
California - largest cityLos Angeles
97.8%
Arizona - capital and largest cityPhoenix
96.8%
Alaska - largest cityAnchorage
95.7%
Hawai'i - capital and largest cityHonolulu
95.7%
Illinois - largest cityChicago
95.7%
Alaska - capitalJuneau
94.6%
Colorado - capital and largest cityDenver
94.6%
Massachusetts - capital and largest cityBoston
94.6%
California - capitalSacramento
93.5%
Georgia - capital and largest cityAtlanta
93.5%
Louisiana - largest cityNew Orleans
93.5%
Mississippi - capital and largest cityJackson
93.5%
Maine - largest cityPortland
92.5%
Nevada - largest cityLas Vegas
92.5%
Ohio - capital and largest cityColumbus
92.5%
Oregon - largest cityPortland
92.5%
Connecticut - capitalHartford
91.4%
Maryland - largest cityBaltimore
91.4%
Michigan - largest cityDetroit
91.4%
New York - largest cityNew York City
91.4%
Alabama - capitalMontgomery
90.3%
Florida - capitalTallahassee
90.3%
Idaho - capital and largest cityBoise
90.3%
Iowa - capital and largest cityDes Moines
90.3%
Texas - largest cityHouston
90.3%
Florida - largest cityJacksonville
89.2%
Indiana - capital and largest cityIndianapolis
89.2%
Louisiana - capitalBaton Rouge
89.2%
Hint Answer % Correct
Missouri - largest cityKansas City
89.2%
North Carolina - capitalRaleigh
89.2%
Texas - capitalAustin
89.2%
Utah - capital and largest citySalt Lake City
89.2%
Arkansas - capital and largest cityLittle Rock
87.1%
Delaware - capitalDover
87.1%
Illinois - capitalSpringfield
87.1%
Minnesota - capitalSaint Paul
87.1%
Minnesota - largest cityMinneapolis
87.1%
Nebraska - capitalLincoln
87.1%
Nebraska - largest cityOmaha
87.1%
New York - capitalAlbany
87.1%
Oklahoma - capital and largest cityOklahoma City
87.1%
Tennessee - capitalNashville
87.1%
Alabama - largest cityBirmingham
86%
Kansas - capitalTopeka
86%
Michigan - capitalLansing
86%
Montana - capitalHelena
86%
New Jersey - capitalTrenton
86%
Pennsylvania - largest cityPhiladelphia
86%
Washington - largest citySeattle
86%
Kentucky - capitalFrankfort
83.9%
Maine - capitalAugusta
83.9%
Maryland - capitalAnnapolis
83.9%
Nevada - capitalCarson City
83.9%
New Mexico - largest cityAlbuquerque
83.9%
North Carolina - largest cityCharlotte
83.9%
Oregon - capitalSalem
83.9%
Hint Answer % Correct
Rhode Island - capital and largest cityProvidence
83.9%
Tennessee - largest cityMemphis
83.9%
Virginia - capitalRichmond
83.9%
Washington - capitalOlympia
83.9%
Wisconsin - capitalMadison
82.8%
New Mexico - capitalSanta Fe
81.7%
South Carolina - capital and largest cityColumbia
81.7%
West Virginia - capital and largest cityCharleston
81.7%
Wyoming - capital and largest cityCheyenne
81.7%
Kentucky - largest cityLouisville
80.6%
New Jersey - largest cityNewark
80.6%
North Dakota - capitalBismarck
80.6%
Wisconsin - largest cityMilwaukee
80.6%
Missouri - capitalJefferson City
79.6%
Pennsylvania - capitalHarrisburg
79.6%
Vermont - capitalMontpelier
79.6%
New Hampshire - capitalConcord
78.5%
South Dakota - capitalPierre
78.5%
Virginia - largest cityVirginia Beach
76.3%
Kansas - largest cityWichita
74.2%
South Dakota - largest citySioux Falls
72%
Delaware - largest cityWilmington
69.9%
North Dakota - largest cityFargo
69.9%
Montana - largest cityBillings
65.6%
Vermont - largest cityBurlington
65.6%
New Hampshire - largest cityManchester
60.2%
Connecticut - largest cityBridgeport
59.1%

You're not logged in!

Compare scores with friends on all Sporcle quizzes.
OR
Log In

You Might Also Like...

Show Comments

Extras

Top Quizzes Today


Score Distribution

Your Account Isn't Verified!

In order to create a playlist on Sporcle, you need to verify the email address you used during registration. Go to your Sporcle Settings to finish the process.

Report this User

Report this user for behavior that violates our Community Guidelines.

Details: